| 000 | 00000nam##2200000za#4500 |
| 001 | 9.680378 |
| 003 | CaOODSP |
| 005 | 20250319165114 |
| 007 | ta |
| 008 | 150407|1998||||xxc||||| f|0| 0 fre|d |
| 020 | |a0-662-82734-1 |
| 040 | |aCaOODSP|bfre |
| 043 | |an-cn--- |
| 086 | 1 |aH88-3/22-1998F |
| 110 | 1 |aCanada.|bDivision du vieillissement et des aînés. |
| 245 | 10|aLes médicaments, parlons-en : |bcomment vous pouvez aider les aînés à utiliser des médicaments de façon sécuritaire |
| 260 | |aOttawa - Ontario : |bSanté Canada. |c1998. |
| 500 | |aSommaire: Présentation et aperçu: Comment se servir de cette trousse; Techniques pour communiquer clairement; L'information sur la santé écrite dans un style clair et simple.--Feuilles d'information.--L'information sur les médicaments pour les aînés écrite dans un style clair et simple. |
| 563 | |aTrousse |
| 590 | |a99-36|b1999-09-10 |
| 691 | 07|aSécurité|2gcpds |
| 691 | 07|aAîné|2gcpds |
| 691 | 07|aMédicament|2gcpds |
| 775 | 08|tMedication matters : |w(CaOODSP)9.646877 |
| 776 | 0#|t[Les médicaments, parlons-en ] |w(CaOODSP)9.639701 |